सहली एका दिवसाच्या आसपास मुंबईच्या. (Record no. 1331342)

MARC details
000 -LEADER
fixed length control field 00775nam a2200181Ia 4500
008 - FIXED-LENGTH DATA ELEMENTS--GENERAL INFORMATION
fixed length control field 151202s9999||||xx |||||||||||||| ||und||
082 ## - DEWEY DECIMAL CLASSIFICATION NUMBER
Item number PNVM-64809
100 ## - MAIN ENTRY--PERSONAL NAME
Personal name परांजपे सुरेश.
245 ## - TITLE STATEMENT
Title सहली एका दिवसाच्या आसपास मुंबईच्या.
260 ## - PUBLICATION, DISTRIBUTION, ETC. (IMPRINT)
Name of publisher, distributor, etc "स्नेहल प्रकाशन,पुणे."
260 ## - PUBLICATION, DISTRIBUTION, ETC. (IMPRINT)
Date of publication, distribution, etc 2004
300 ## - PHYSICAL DESCRIPTION
Extent 343
600 ## - SUBJECT ADDED ENTRY--PERSONAL NAME
Personal name परांजपे सुरेश.
630 ## - SUBJECT ADDED ENTRY--UNIFORM TITLE
Uniform title सहली एका दिवसाच्या आसपास मुंबईच्या.
700 ## - ADDED ENTRY--PERSONAL NAME
Personal name परांजपे सुरेश.
730 ## - ADDED ENTRY--UNIFORM TITLE
Uniform title सहली एका दिवसाच्या आसपास मुंबईच्या.
942 ## - ADDED ENTRY ELEMENTS (KOHA)
Koha item type Book
Holdings
Withdrawn status Lost status Damaged status Not for loan Home library Current library Date acquired Cost, normal purchase price Total Checkouts Full call number Barcode Date last seen Cost, replacement price Price effective from Koha item type
        Pune Nagar Vachan Mandir, Pune Pune Nagar Vachan Mandir, Pune 06/27/2015 0.00   PNVM-64809 PNVM-64809 12/02/2015 0.00 12/02/2015 Book